| 000 -LEADER |
| fixed length control field |
00991nam a2200229Ia 4500 |
| 001 - CONTROL NUMBER |
| control field |
9040 |
| 003 - CONTROL NUMBER IDENTIFIER |
| control field |
GE_BSU |
| 008 - FIXED-LENGTH DATA ELEMENTS--GENERAL INFORMATION |
| fixed length control field |
181216s||||||||xx |||||||||||||| ||und|| |
| 040 ## - CATALOGING SOURCE |
| Transcribing agency |
GE_BSU |
| 080 ## - UNIVERSAL DECIMAL CLASSIFICATION NUMBER |
| Universal Decimal Classification number |
821.353.1-4+94(47+57)''1941-1945''(093.3) |
| 100 ## - MAIN ENTRY--PERSONAL NAME |
| Personal name |
კობერიძე,ასტიონ |
| 245 ## - TITLE STATEMENT |
| Title |
ასე ვიბრძოდით |
| 245 ## - TITLE STATEMENT |
| Remainder of title |
სამამულო ომის მონაწილის ავტობიოგრ.მხატვ.ნარკვევი |
| 245 ## - TITLE STATEMENT |
| Statement of responsibility, etc. |
რედ.კ.ბობოხიძე.მხატვ.ო.ჯიშკარიანი |
| 260 ## - PUBLICATION, DISTRIBUTION, ETC. |
| Place of publication, distribution, etc. |
თბილისი |
| 260 ## - PUBLICATION, DISTRIBUTION, ETC. |
| Name of publisher, distributor, etc. |
საბჭოთა საქართველო |
| 260 ## - PUBLICATION, DISTRIBUTION, ETC. |
| Date of publication, distribution, etc. |
1964 |
| 300 ## - PHYSICAL DESCRIPTION |
| Extent |
145გვ.ილ.21სმ. |
| 653 ## - INDEX TERM--UNCONTROLLED |
| Uncontrolled term |
ასე ვიბრძოდით |
| 653 ## - INDEX TERM--UNCONTROLLED |
| Uncontrolled term |
სამამულო ომის მონაწილის ავტობიოგრ.მხატვ.ნარკვევი |
| 942 ## - ADDED ENTRY ELEMENTS (KOHA) |
| Koha item type |
წიგნი |